000 01715nam a22003137a 4500
003 DO-SdBNP
005 20250621074010.0
007 ta
008 210915b 2018 dr a 00| 0 eng d
020 _a9789945111651
040 _aDO-SdBNP
_bspa
_cBNPHU
082 4 _a972.93053
_bB174t, 2007
_222
100 1 _aBalcácer, Juan Daniel,
_d1949-
_96566
245 1 0 _aTrujillo :
_bel tiranicidio de 1961 /
_cJuan Daniel Balcácer.
250 _a8a. ed.
260 _aSanto Domingo :
_bBúho,
_c2018.
300 _a540 p. :
_bil. ;
_c25 cm.
500 _aIncluye cronología del 30 de mayo, último día de Trujillo.
500 _aIncluye datos biográficos del autor en las solapas e índice onomástico.
500 _aIncluye referencias bibliográficas y notas al pie de páginas.
504 _aBibliografía : p. 493-518.
505 0 _aIntroducción --
_tEl último día de Trujillo: una cronología --
_tCaudillos y dictadores dominicanos --
_tLa resistencia contra Trujillo --
_tLa conspiración --
_tTrujjillo y la muerte --
_tEl tiranicidio --
_tUna vez muerto Trujillo --
_tTestimonios sobre el ajusticiamiento --
_tEl azar, Arturo Espaillat y Zacarías de la Cruz --
_tRomán Fernández: traidor o víctima? --
_tHistoriografía del 30 de mayo --
_tTrujillo en la narrativa --
_tConsideraciones finales --
_tApéndices --
_tNotas biográficas de los conjurados --
_tFuentes --
_tÍndice onomástico.
590 _aInventariado, 2021/BT
600 1 0 _aTrujillo Molina, Rafael Leónidas,
_d1891-1961
_xMuerte
_910869
650 1 4 _aHomicidio político
_zRepública Dominicana
_911383
651 1 0 _aRepública Dominicana
_xPolítica y gobierno
_945
910 _aBtavárez/ Validado. Control de calidad MFF
942 _2ddc
_cLBS1
999 _c50511
_d50511